004660000a220008500045001000024000002450060000243000046000845200234001307730016003641 aBarutwanayo, Benoit10aLa transformación mediante el valor y la asociación aVol.0, núm.66 (Mayo, 2006), Página 16 aEn África se niegan a muchas viudas y huérfanos sus derechos de herencia a la propiedad o a la tierra, los que a menudo pasan a los hermanos del marido u otros parientes masculinos, dejando a la familia sin techo e indigente.0 tPaso a Paso